| 000 | 01073nam a2200253Ia 4500 | ||
|---|---|---|---|
| 999 |
_c5307 _d5307 |
||
| 003 | OSt | ||
| 005 | 20200611121738.0 | ||
| 008 | 191128s1985 fr fr 001 0 fre d | ||
| 020 | _a2040031537 | ||
| 040 |
_aCO-JMCR _cCO-JMCR |
||
| 041 | 0 | _afre | |
| 082 | 0 | 4 |
_a330 / _bL281p _223 |
| 100 | 1 |
_aLewandowski, Rudolph, _eautor _94551 |
|
| 245 | 1 | 3 |
_aLa prévision a court terme : _bprésentacion des techniques, organisation et mise en place des systémes de prévisions / _cRudolph Lewandowski |
| 260 |
_aParis : _bBordas, _c1985 |
||
| 300 |
_axviii, 411 páginas ; _c24 cm. |
||
| 500 | _aIncluye índice analítico. | ||
| 504 | _aBibliografía: páginas 394-401 | ||
| 505 | 0 | _aIntroduction á la prévision á court terme -- Les méthodes de prévision á court terme -- L'activité marketing dans la prévision á court terme -- Le cadre budgétaire et normatif -- La pratique actuelle de la prévision á court terme en Europe | |
| 546 | _aTexto en francés | ||
| 650 | 1 | 4 |
_aPredicciones económicas _94552 |
| 650 | 1 | 4 |
_aAnálisis económico _91810 |
| 942 |
_2ddc _cBK |
||